| 000 | 00648nam a22001817a 4500 | ||
|---|---|---|---|
| 020 | _qHard Cover. | ||
| 082 | _a330 | ||
| 100 | _aKhan, Abdullah | ||
| 245 |
_aDeterminants of Remittances for low skilled Pakistani immigrant workers in the UAE and KSA. / _c Abdullah Khan, Khadija Tippu and Satti ur Rehman. |
||
| 260 |
_aIslamabad: _bS3H - NUST, _c2019. |
||
| 300 |
_a51 p. : _bill. ; _c30cm. |
||
| 563 | _aHBK | ||
| 650 |
_aEconomics BS-Project Report. _927430 |
||
| 700 |
_aDr. Muhammad Ali _927459 |
||
| 856 | _uhttp://10.250.8.41:8080/xmlui/handle/123456789/5290 | ||
| 942 |
_2ddc _cPR |
||
| 999 |
_c533521 _d533521 |
||